000 00253nam a22000977a 4500
008 221031b |||||||| |||| 00| 0 eng d
020 _a9789355951694
100 _aOswaal
_97599
245 _aCBSE OSWAAL ( ENG LAN & LIT)-10
260 _aUP
_bOswaal
_c2022-2023
999 _c12100
_d12100